Statistics for Marilyn Manson Albums

Click here to take the quiz!

General Stats

  • This quiz has been taken 289 times
  • The average score is 7 of 9

Answer Stats

HintAnswer% Correct
1998Mechanical Animals
92%
1996Antichrist Superstar
91%
2000Holy Wood (In the Shadow of the Valley of Death)
86%
1994Portrait of an American Family
82%
2007Eat Me, Drink Me
75%
2003The Golden Age of Grotesque
75%
2012Born Villain
65%
2015The Pale Emperor
65%
2009The High End of Low
57%

Score Distribution

Percentile by Number Answered

Percent of People with Each Score

Your Score History

You have not taken this quiz